000 00422nam a2200169Ia 4500
005 20240627041220.0
008 240331s9999 xx 000 0 und d
020 _a0415045371
082 _a120
_bFOU
100 _aFoucault, M
245 4 _aThe archaelogy of knowledge
260 _aGreat Britain
_bTavistock publications limited
_c 1972
300 _a218 p .,
650 _aphilosophy
650 _asociology
942 _cL
999 _c711
_d711